Las ratas /

محفوظ في:
التفاصيل البيبلوغرافية
المؤلف الرئيسي: Delibes, Miguel (autor)
التنسيق: كتاب
اللغة:الإسبانية
منشور في: Barcelona, España : Destino, 1963, c1962
الطبعة:2a edición
سلاسل:(Ancora y Delfín ; 218)
الموضوعات:
الوسوم: إضافة وسم
لا توجد وسوم, كن أول من يضع وسما على هذه التسجيلة!

MARC

LEADER 00000nam^a2200000^a^4500
001 000297118
005 20250521000000.0
009 20260310112327.999
037 |a Acervo Xavier Clavigero 
041 |a ESP 
082 |a 863.  |b DEL 
100 |a Delibes, Miguel  |e (autor) 
245 1 3 |a Las ratas /  |c M. Delibes. 
250 |a 2a edición 
264 4 |a Barcelona, España :  |b Destino,  |c 1963, c1962 
300 |a 164 p. 
336 |a texto  |b txt  |2 rdacontenido 
337 |a sin mediación  |b n  |2 rdamedio 
338 |a volumen  |b nc  |2 rdasoporte 
440 1 |a (Ancora y Delfín ;  |v 218) 
545 0 |a Miguel Delibes (1920-2010), escritor español, autor, entre otras obras, de La sombra del ciprés alargada (1948), Aún es de día (1949), El camino (1950), Mi idolatrado hijo Sisí (1953), La partida (1954), Diario de un cazador (1955), Un novelista conoce América (1956), Siestas con viento sur (1957), La hoja roja (1959), Las ratas (1962), Parada y fonda (1963), Viejas historias de Castilla la Vieja (1964); Cinco horas con Mario (1966), Parábola de un náufrago (1969), El príncipe destronado (1974), El disputado voto del señor Cayo (1978), La mortaja (1970), Con la escopeta al hombro (1971), Un año de mi vida (1972), Castilla, lo castellano y los castellanos (1979). Además del Nadal (1948), ha recibido los premios de la Crítica (1953), Príncipe de Asturias (1982), Nacional de las Letras Españolas (1992), Miguel de Cervantes (1993); desde 1974 es miembro de la Real Academia Española. Entre otros asuntos, en su obra ofrece una perspectiva irónica frente a la pequeña burguesía, a la vez que denuncia las injusticias sociales y representa los hábitos y el habla propia del mundo rural español; también es frecuente encontrar remisiones a su infancia. 
586 |a Premio Príncipe de Asturias de las Letras 1982, ex aequo 
586 |a Premio Miguel de Cervantes 1993 
649 |a XX 
650 |a Novela Española 
650 |a Literatura Española 
650 |a Zonas Rurales -  |z España -  |x Condiciones Sociales y Culturales 
650 |a Latifundismo -  |z España 
650 |a Literatura y Sociedad -  |z España 
650 |a España en la Literatura 
910 |a Fondo General 
920 |a Impresos - Libros 
930 |a Colección General 
940 |a Literatura 
905 |a 101 
901 |a 035244  |b IT1  |c LIT  |u 20250521 
901 |a 034283  |b IT1  |c LIT  |u 20250521 
902 |a https://opac.biblio.iteso.mx/vufind/Record/000297118